000 00594nam a2200193Ia 4500
005 20260114185634.0
008 008 260114s9999 xx 000 0 eng d
020 _a9781350987432
037 _aEBOOK
040 _aCRL
_beng
_cCRL
041 _aeng
_2eng
084 _qCRL
100 _aPeter Grindal
_9872546
245 0 _aOpposing the Slavers The Royal Navy's Campaign Against the Atlantic Slave Trade
260 _bBloomsbury
_c2016
856 _uhttps://doi.org/10.5040/9781350987432?locatt=label:secondary_bloomsburyCollections
942 _cEBOOK
999 _c1471494
_d1471494